| 000 | 00622nam a2200169Ia 4500 | ||
|---|---|---|---|
| 003 | IEPS | ||
| 005 | 20250703135251.0 | ||
| 008 | 250223s9999||||xx |||||||||||||| ||und|| | ||
| 040 | _CIEPS | ||
| 041 | _aara | ||
| 082 | _a370 | ||
| 245 | 0 | _aتوحيد السلم التعليمي في البلاد العربية على ضوء إستراتيجية تطوير التربية العربية | |
| 260 |
_aتونس _bالمنظمة العربية للتربية و الثقافة و العلوم _c1986 |
||
| 300 |
_a336 ص. _bغلاف ملون ومصور _c27 سم |
||
| 653 | _aالسلم التعليمي | ||
| 942 | _cكتاب | ||
| 999 |
_c11830 _d11830 |
||